[Event "Foment Martinenc op-C 16th"]
[Site "Barcelona"]
[Date "2014.06.21"]
[Round "9"]
[White "Duran Casals, Salvador"]
[Black "Duran Monfort, Marti"]
[Result "0-1"]
[WhiteElo "1700"]
[BlackElo "1731"]
[PlyCount "76"]
[EventDate "2014.04.26"]
[EventType "swiss"]
[EventRounds "9"]
[EventCountry "ESP"]
[SourceTitle "EXT 2015"]
[Source "ChessBase"]
[SourceDate "2014.11.20"]
[SourceVersion "1"]
[SourceVersionDate "2014.11.20"]
[SourceQuality "1"]

1. e4 e5 2. Nf3 Nf6 3. Nc3 d6 4. Bc4 Be6 5. Bb3 Nc6 6. d3 g6 7. Bg5 Bg7 8. Qe2 0-0 9. Qe3 Qd7 10. Ne2 Ng4 11. Qd2 Rfe8 12. Ng3 Nf6 13. d4 exd4 14. Nxd4 Nxd4 15. Qxd4 Ng4 16. Qb4 Bxb2 17. Qxb7 Bxa1 18. 0-0 Bxb3 19. Qxb3 Reb8 20. Qd5 c6 21. Qd1 Bg7 22. f3 Ne5 23. f4 Ng4 24. f5 Ne5 25. f6 Bf8 26. Qd2 Nc4 27. Qc3 d5 28. Rd1 Qg4 29. exd5 Qxd1+ 30. Nf1 Bc5+ 31. Be3 Bxe3+ 32. Qxe3 Nxe3 33. Kf2 Qxf1+ 34. Kxe3 Re8+ 35. Kd4 Qd1+ 36. Kc5 Qxd5+ 37. Kb4 Rab8+ 38. Ka3 Qa5# 0-1

[Event "Foment Martinenc op-C 16th"]
[Site "Barcelona"]
[Date "2014.05.10"]
[Round "3"]
[White "Julian Solera, Laura"]
[Black "Duran Casals, Salvador"]
[Result "1-0"]
[WhiteElo "1721"]
[BlackElo "1700"]
[PlyCount "87"]
[EventDate "2014.04.26"]
[EventType "swiss"]
[EventRounds "9"]
[EventCountry "ESP"]
[SourceTitle "EXT 2015"]
[Source "ChessBase"]
[SourceDate "2014.11.20"]
[SourceVersion "1"]
[SourceVersionDate "2014.11.20"]
[SourceQuality "1"]

1. d4 d5 2. e3 c6 3. Bd3 Nf6 4. b3 Be6 5. Bb2 g6 6. Nd2 Bg7 7. f4 Ng4 8. Qf3 f5 9. Ne2 Nd7 10. c4 Ndf6 11. cxd5 Nxd5 12. e4 Nb4 13. a3 Nxd3+ 14. Qxd3 b6 15. h3 Nh6 16. Nc4 Nf7 17. exf5 Bxf5 18. Qe3 b5 19. Ne5 Qd5 20. Rg1 Qe4 21. Qxe4 Bxe4 22. Rc1 Rc8 23. Nc3 Nxe5 24. dxe5 Bf5 25. Nxb5 0-0 26. Nxa7 Rc7 27. Nxc6 Rd7 28. a4 Be4 29. b4 Rxf4 30. Ba3 Rb7 31. b5 Bd5 32. Nxe7+ Kf7 33. Nxd5 Re4+ 34. Kf2 Rd7 35. Bd6 Rxa4 36. b6 Ke6 37. Rgd1 Bxe5 38. Nc7+ Kf6 39. Bxe5+ Kxe5 40. Rxd7 Kf4 41. b7 Ra2+ 42. Kf1 Rb2 43. Rf7+ Kg3 44. Na6 1-0